[Event "H.C Andersen Open"]
[Site "Odense"]
[Date "2013.05.10"]
[Round "4"]
[White "Jensen, Soren2"]
[Black "Rendboe, John Filip"]
[Result "1/2-1/2"]
[WhiteElo "1836"]
[BlackElo "2241"]
[PlyCount "57"]
[EventDate "2013.05.08"]
[EventType "swiss"]
[EventRounds "9"]
[EventCountry "DEN"]
[SourceTitle "CBM 154 Extra"]
[Source "ChessBase"]
[SourceDate "2013.06.25"]

1. c4 e5 2. g3 g6 3. Bg2 Bg7 4. Nc3 Nc6 5. e4 Nf6 6. Nge2 O-O 7. O-O d6 8. d3
Be6 9. Bg5 Qd7 10. Nd5 Ne8 11. Qd2 f6 12. Bh6 Bh3 13. Bxh3 Qxh3 14. Bxg7 Kxg7
15. f4 Qd7 16. b4 Rd8 17. b5 Nd4 18. Nxd4 exd4 19. Rab1 c6 20. bxc6 bxc6 21.
Nb4 Nc7 22. Qb2 Rb8 23. Qa3 Ne6 24. Na6 Rxb1 25. Rxb1 f5 26. Nb8 Qc7 27. Na6
Qd7 28. Nb8 Qc7 29. Na6 1/2-1/2

[Event "H.C Andersen Open"]
[Site "Odense"]
[Date "2013.05.10"]
[Round "4"]
[White "Jensen, Tobias Ilsoe"]
[Black "Pedersen, Steffen"]
[Result "1-0"]
[WhiteElo "1905"]
[BlackElo "2425"]
[PlyCount "51"]
[EventDate "2013.05.08"]
[EventType "swiss"]
[EventRounds "9"]
[EventCountry "DEN"]
[SourceTitle "CBM 154 Extra"]
[Source "ChessBase"]
[SourceDate "2013.06.25"]

1. g4 d5 2. Bg2 Bxg4 3. c4 e6 4. Qb3 Qc8 5. cxd5 c6 6. dxc6 Nxc6 7. Nc3 Nf6 8.
Nf3 Bc5 9. d3 O-O 10. Bg5 Nd7 11. Rc1 e5 12. Nd2 Be6 13. Bd5 Na5 14. Qb5 Bxd5
15. Nxd5 Qc6 16. Ne7+ Bxe7 17. Rxc6 bxc6 18. Qxa5 Bxg5 19. Ne4 Bd8 20. Qd2 Bb6
21. Rg1 Kh8 22. Qg5 Rg8 23. Nd6 Raf8 24. Qe7 Nf6 25. Nxf7+ Rxf7 26. Qxf7 1-0

[Event "H.C Andersen Open"]
[Site "Odense"]
[Date "2013.05.10"]
[Round "4"]
[White "Jepsen, Thomas"]
[Black "Bae, Torstein"]
[Result "0-1"]
[WhiteElo "2168"]
[BlackElo "2442"]
[PlyCount "56"]
[EventDate "2013.05.08"]
[EventType "swiss"]
[EventRounds "9"]
[EventCountry "DEN"]
[SourceTitle "CBM 154 Extra"]
[Source "ChessBase"]
[SourceDate "2013.06.25"]

1. e4 d6 2. d4 Nf6 3. Nc3 g6 4. Be2 Bg7 5. Be3 O-O 6. h4 h5 7. f3 Nc6 8. g4 e5
9. g5 exd4 10. gxf6 Bxf6 11. Bh6 dxc3 12. bxc3 Bxc3+ 13. Kf1 Bg7 14. Bg5 Qe8
15. Rb1 Nd4 16. Bd3 b6 17. c3 Ne6 18. Bd2 Nc5 19. Be2 f5 20. exf5 Bxf5 21. Rb4
a5 22. Rf4 Ne6 23. Qb3 a4 24. Qb4 Nxf4 25. Bxf4 Qe6 26. Bg5 Kh8 27. Bc4 d5 28.
Bb5 c5 0-1

[Event "H.C Andersen Open"]
[Site "Odense"]
[Date "2013.05.10"]
[Round "4"]
[White "Johansen, Johnny Holler"]
[Black "Hansen, Mads"]
[Result "0-1"]
[WhiteElo "2002"]
[BlackElo "2306"]
[PlyCount "96"]
[EventDate "2013.05.08"]
[EventType "swiss"]
[EventRounds "9"]
[EventCountry "DEN"]
[SourceTitle "CBM 154 Extra"]
[Source "ChessBase"]
[SourceDate "2013.06.25"]

1. e4 e5 2. Nf3 Nc6 3. Bc4 Bc5 4. d3 Nf6 5. O-O d6 6. c3 a6 7. a4 Ba7 8. Be3
O-O 9. Nbd2 Ne7 10. Bxa7 Rxa7 11. d4 Ng6 12. dxe5 dxe5 13. Re1 Qe7 14. g3 c6
15. a5 Ra8 16. Qc2 Bg4 17. Bf1 h5 18. h4 Rfd8 19. Ng5 Ne8 20. Bg2 Nd6 21. Bf3
Nf8 22. Bg2 f6 23. Ngf3 Qf7 24. Nf1 Rd7 25. Ne3 Be6 26. b4 Rad8 27. Bf1 Nc4 28.
Nxc4 Bxc4 29. Bxc4 Qxc4 30. Re3 Rd3 31. Rae1 Ne6 32. Rxd3 Rxd3 33. Re3 Rxe3 34.
fxe3 c5 35. Nd2 Qe2 36. Qb3 Qxe3+ 37. Kf1 Qd3+ 38. Ke1 Qxg3+ 39. Kd1 Qg4+ 40.
Kc2 Kh7 41. bxc5 Nxc5 42. Qd5 Qc8 43. Qf7 Kh6 44. Qc4 Qc6 45. Qe2 Qa4+ 46. Kc1
Qa1+ 47. Kc2 Qa2+ 48. Kc1 Nb3+ 0-1

[Event "H.C Andersen Open"]
[Site "Odense"]
[Date "2013.05.10"]
[Round "4"]
[White "Matras, Ove"]
[Black "Rasmussen, Jens"]
[Result "1-0"]
[WhiteElo "1855"]
[BlackElo "1713"]
[PlyCount "95"]
[EventDate "2013.05.08"]
[EventType "swiss"]
[EventRounds "9"]
[EventCountry "DEN"]
[SourceTitle "CBM 154 Extra"]
[Source "ChessBase"]
[SourceDate "2013.06.25"]

1. b3 d5 2. e3 e5 3. Bb2 Bd6 4. c4 Nf6 5. c5 Bxc5 6. Bxe5 Qe7 7. d4 Bb4+ 8. Nd2
Ne4 9. Ngf3 f6 10. Bxc7 Qxc7 11. Bb5+ Nc6 12. O-O Nxd2 13. Nxd2 O-O 14. Rc1
Bxd2 15. Qxd2 Qa5 16. Qe2 Bd7 17. Rc5 Nxd4 18. exd4 Rfe8 19. Qf3 Bxb5 20. Qxd5+
Kh8 21. Rxb5 Qxa2 22. Rxb7 Qd2 23. Qf7 Rg8 24. Qc4 a5 25. d5 Rac8 26. Qb5 Rc1
27. g3 Rxf1+ 28. Kxf1 h6 29. Ra7 Rc8 30. Qd7 Rg8 31. Qe6 Qd1+ 32. Kg2 Qxb3 33.
Rxa5 Qb7 34. Qc6 Qb4 35. Ra4 Qb8 36. d6 Rc8 37. Qd5 Rd8 38. d7 Kh7 39. Re4 Rf8
40. Qf5+ Kg8 41. Re7 Kh8 42. Qg6 Rg8 43. Qf7 Qa8+ 44. f3 Qc6 45. Qxg8+ Kxg8 46.
d8=Q+ Kh7 47. Qd3+ Kg8 48. Qg6 1-0

[Event "H.C Andersen Open"]
[Site "Odense"]
[Date "2013.05.10"]
[Round "4"]
[White "Nielsen, Poul Erik"]
[Black "Jensen, Jakob"]
[Result "1/2-1/2"]
[WhiteElo "2107"]
[BlackElo "1802"]
[PlyCount "131"]
[EventDate "2013.05.08"]
[EventType "swiss"]
[EventRounds "9"]
[EventCountry "DEN"]
[SourceTitle "CBM 154 Extra"]
[Source "ChessBase"]
[SourceDate "2013.06.25"]

1. e4 e6 2. d3 d5 3. Nd2 dxe4 4. dxe4 Nc6 5. Ngf3 a6 6. g3 Bc5 7. Bg2 e5 8. Qe2
Be6 9. c3 f6 10. O-O Qd7 11. Nb3 Ba7 12. Be3 Qf7 13. Nfd2 Bxe3 14. Qxe3 O-O-O
15. Nc5 h5 16. Nxe6 Qxe6 17. h3 Kb8 18. Rfd1 Nh6 19. Nb3 Qe7 20. Qe2 Nf7 21.
Rd5 g6 22. Rad1 Rd6 23. a3 Rhd8 24. c4 Na7 25. c5 R6d7 26. a4 c6 27. R5d2 Rxd2
28. Rxd2 Rxd2 29. Qxd2 Nc8 30. f3 Nd8 31. Kf2 Ne6 32. Qc3 Ka8 33. Bf1 Qd7 34.
h4 Nd4 35. Nd2 Ne7 36. Nc4 Ka7 37. b4 Qc7 38. Nb6 f5 39. Qc4 fxe4 40. fxe4 Qd8
41. Qf7 Nc2 42. Qxe7 Qd4+ 43. Kg2 Ne3+ 44. Kh3 Qxe4 45. Kh2 Nxf1+ 46. Kg1 Nxg3
47. Qf8 Ne2+ 48. Kf2 Qf4+ 49. Qxf4 Nxf4 50. Nd7 Ne6 51. Nxe5 g5 52. hxg5 Nxg5
53. Kg3 Ne6 54. Kh4 Nd4 55. Kxh5 Nc2 56. Nd3 b6 57. cxb6+ Kxb6 58. b5 cxb5 59.
axb5 Kxb5 60. Kg4 a5 61. Kf3 Kc4 62. Ke2 Nd4+ 63. Kd2 Kb3 64. Nc5+ Ka3 65. Kc3
Nf5 66. Nb7 1/2-1/2

[Event "H.C Andersen Open"]
[Site "Odense"]
[Date "2013.05.10"]
[Round "4"]
[White "Nielsen, Thomas"]
[Black "Murtuzov, Rauf Mubariz"]
[Result "0-1"]
[WhiteElo "1628"]
[BlackElo "1995"]
[PlyCount "46"]
[EventDate "2013.05.08"]
[EventType "swiss"]
[EventRounds "9"]
[EventCountry "DEN"]
[SourceTitle "CBM 154 Extra"]
[Source "ChessBase"]
[SourceDate "2013.06.25"]

1. f4 Nf6 2. Nf3 g6 3. g3 Bg7 4. Bg2 O-O 5. O-O d5 6. d4 Ne4 7. Nbd2 Nc6 8. c3
Bf5 9. Qb3 b6 10. Ng5 Na5 11. Qb4 Nf6 12. e4 dxe4 13. Ngxe4 Nd5 14. Qb5 Ne3 15.
Nf6+ Bxf6 16. Bxa8 Nxf1 17. Ne4 Qxa8 18. Nxf6+ exf6 19. Qxf1 Qe4 20. Bd2 Qc2
21. Qe1 Nc4 22. Rd1 Bg4 23. b3 Qxd1 0-1

[Event "H.C Andersen Open"]
[Site "Odense"]
[Date "2013.05.10"]
[Round "4"]
[White "Ottesen, Soren Rud"]
[Black "Becker, Martin"]
[Result "1/2-1/2"]
[WhiteElo "1831"]
[BlackElo "1910"]
[PlyCount "121"]
[EventDate "2013.05.08"]
[EventType "swiss"]
[EventRounds "9"]
[EventCountry "DEN"]
[SourceTitle "CBM 154 Extra"]
[Source "ChessBase"]
[SourceDate "2013.06.25"]

1. e4 e6 2. d4 d5 3. Nc3 Nf6 4. e5 Nfd7 5. Nf3 c5 6. Be3 Nc6 7. Bb5 a6 8. Bxc6
bxc6 9. O-O cxd4 10. Bg5 f6 11. Nxd4 fxg5 12. Nxe6 Qe7 13. Nc7+ Kd8 14. Nxa8
Bb7 15. Qe2 Qb4 16. a3 Qd4 17. Rad1 Qa7 18. e6 Nf6 19. Nc7 Bd6 20. N7xd5 cxd5
21. e7+ Bxe7 22. Nxd5 Bxd5 23. c4 Re8 24. Qf3 g4 25. Qb3 Bd6 26. cxd5 Qb8 27.
Qxb8+ Bxb8 28. f3 Re2 29. d6 gxf3 30. Rxf3 Kd7 31. Rb3 Bxd6 32. Kf1 Rc2 33.
Rbd3 Ne8 34. R1d2 Rc6 35. b4 Kc7 36. g3 Nf6 37. Kg2 Ng4 38. Kh3 Ne5 39. Rd5 Nd7
40. R5d3 Nf6 41. Rd1 h6 42. Kg2 Ng4 43. R1d2 Ne5 44. Rd5 Ng4 45. R5d3 Nf6 46.
Rd1 Be5 47. a4 Bd6 48. b5 axb5 49. axb5 Rc2+ 50. R1d2 Rxd2+ 51. Rxd2 Bc5 52. h3
Ne8 53. Re2 Kd7 54. Kf3 Nd6 55. Kg4 Nxb5 56. Kh5 Bd4 57. h4 Nd6 58. g4 Bc3 59.
g5 hxg5 60. Kxg5 Bf6+ 61. Kg6 1/2-1/2

[Event "H.C Andersen Open"]
[Site "Odense"]
[Date "2013.05.10"]
[Round "4"]
[White "Poulsen, Iver"]
[Black "Bach, Matthias"]
[Result "1/2-1/2"]
[WhiteElo "2054"]
[BlackElo "2252"]
[PlyCount "131"]
[EventDate "2013.05.08"]
[EventType "swiss"]
[EventRounds "9"]
[EventCountry "DEN"]
[SourceTitle "CBM 154 Extra"]
[Source "ChessBase"]
[SourceDate "2013.06.25"]

1. e4 d6 2. d4 Nd7 3. Nf3 g6 4. Nc3 Bg7 5. Bc4 e6 6. Bf4 Ne7 7. Qd2 h6 8. h3 a6
9. a4 b6 10. O-O Bb7 11. Rfe1 Kf8 12. Bh2 Kg8 13. d5 e5 14. Kh1 h5 15. Qe2 h4
16. Rf1 f6 17. Ne1 g5 18. Nd3 Ng6 19. Nb4 Nf4 20. Bxf4 exf4 21. Bxa6 Bxa6 22.
Nxa6 f3 23. gxf3 Ne5 24. Nb4 Qd7 25. Kg2 Ng6 26. Nd3 Re8 27. Qe3 Bh6 28. Qd4
Kh7 29. Qc4 Rhg8 30. Kh2 Re7 31. Rg1 Rf7 32. Nb5 f5 33. exf5 Qxf5 34. Qe4 Qxf3
35. Qxf3 Rxf3 36. Nxc7 Nf4 37. Nxf4 Rxf4 38. Nb5 g4 39. hxg4 Rxf2+ 40. Kh3 Bf4
41. g5 Rh2+ 42. Kg4 Bxg5 43. Kh5 Bf4 44. Rxg8 Kxg8 45. Rg1+ Kh7 46. Rg4 Be5 47.
Rxh4 Rxc2 48. Kg5+ Kg7 49. Kf5 Re2 50. Rc4 Kf7 51. Rc7+ Ke8 52. Rb7 Rf2+ 53.
Ke4 Rxb2 54. Rxb6 Rb4+ 55. Kd3 Rxa4 56. Nxd6+ Bxd6 57. Rxd6 Ke7 58. Rc6 Kd7 59.
Rc4 Rxc4 60. Kxc4 Kd6 61. Kd4 Kd7 62. Ke5 Ke7 63. d6+ Kd8 64. Ke6 Ke8 65. d7+
Kd8 66. Kd6 1/2-1/2

[Event "H.C Andersen Open"]
[Site "Odense"]
[Date "2013.05.10"]
[Round "4"]
[White "Rostgaard, Tobias Valentin"]
[Black "Ochsner, Bjorn Moller"]
[Result "0-1"]
[WhiteElo "2275"]
[BlackElo "2347"]
[PlyCount "78"]
[EventDate "2013.05.08"]
[EventType "swiss"]
[EventRounds "9"]
[EventCountry "DEN"]
[SourceTitle "CBM 154 Extra"]
[Source "ChessBase"]
[SourceDate "2013.06.25"]

1. d4 Nf6 2. c4 g6 3. Nf3 Bg7 4. g3 c5 5. Bg2 cxd4 6. Nxd4 O-O 7. Nc3 Qc7 8.
Qd3 Nc6 9. Ndb5 Qa5 10. Bf4 d6 11. O-O Be6 12. a3 a6 13. b4 Qd8 14. Bxc6 bxc6
15. Nd4 Bh3 16. Nxc6 Qd7 17. Na5 Bxf1 18. Rxf1 Rfc8 19. Rd1 h5 20. Bg5 Nh7 21.
Be3 Bxc3 22. Qxc3 Qe6 23. Qd3 Nf6 24. Bd4 Ng4 25. Rc1 h4 26. f3 Ne5 27. Qe4
hxg3 28. Bxe5 f5 29. Qh4 Qxe5 30. Qg5 gxh2+ 31. Kh1 Kf7 32. Qd2 Rc7 33. c5 dxc5
34. Nc4 Qe6 35. Qf4 Rac8 36. Ne5+ Kg7 37. Kxh2 cxb4 38. Rxc7 Rxc7 39. Nxg6 Rc4
0-1

[Event "H.C Andersen Open"]
[Site "Odense"]
[Date "2013.05.10"]
[Round "4"]
[White "Rozentalis, Eduardas"]
[Black "Nikolov, Momchil"]
[Result "1/2-1/2"]
[WhiteElo "2611"]
[BlackElo "2532"]
[PlyCount "79"]
[EventDate "2013.05.08"]
[EventType "swiss"]
[EventRounds "9"]
[EventCountry "DEN"]
[SourceTitle "CBM 154 Extra"]
[Source "ChessBase"]
[SourceDate "2013.06.25"]

1. e4 c5 2. Nf3 e6 3. c3 Nf6 4. e5 Nd5 5. Bc4 d6 6. O-O dxe5 7. Nxe5 Bd6 8. d4
O-O 9. Re1 Qc7 10. Nf3 cxd4 11. Qxd4 Nc6 12. Qh4 Ne5 13. Nxe5 Bxe5 14. Nd2 Nf4
15. Bf1 Ng6 16. Qh5 Rd8 17. g3 b6 18. Bg2 Rb8 19. Ne4 Nf8 20. Ng5 f6 21. Nf3
Bd6 22. Nd4 Bb7 23. Nxe6 Nxe6 24. Bxb7 Qxb7 25. Rxe6 Be5 26. Bf4 Bxf4 27. gxf4
Qf7 28. Qxf7+ Kxf7 29. Rae1 Rb7 30. R1e2 Kg6 31. Kg2 Kf5 32. Kf3 Rd3+ 33. R6e3
Rbd7 34. a4 a5 35. Rxd3 Rxd3+ 36. Re3 Rd2 37. b3 h5 38. h3 g6 39. Kg3 h4+ 40.
Kf3 1/2-1/2

[Event "H.C Andersen Open"]
[Site "Odense"]
[Date "2013.05.10"]
[Round "4"]
[White "Rusev, Krasimir"]
[Black "Haub, Thorsten Michael"]
[Result "1/2-1/2"]
[WhiteElo "2545"]
[BlackElo "2462"]
[PlyCount "69"]
[EventDate "2013.05.08"]
[EventType "swiss"]
[EventRounds "9"]
[EventCountry "DEN"]
[SourceTitle "CBM 154 Extra"]
[Source "ChessBase"]
[SourceDate "2013.06.25"]

1. b3 e5 2. Bb2 d6 3. e3 Nf6 4. c4 Nbd7 5. d4 c6 6. Nf3 Qe7 7. g3 g6 8. Bg2 Bg7
9. O-O O-O 10. Nc3 Re8 11. h3 Nf8 12. e4 Nh5 13. d5 c5 14. Ne1 Bh6 15. Nd3 f5
16. exf5 Bxf5 17. Ne4 Nd7 18. Kh2 Bxe4 19. Bxe4 Nhf6 20. Bg2 e4 21. Ne1 Bg7 22.
Qc2 h5 23. f4 exf3 24. Bxf3 Ne5 25. Ng2 Nxf3+ 26. Rxf3 Qe4 27. Qf2 Ng4+ 28.
hxg4 Bxb2 29. Re1 Qd4 30. Qc2 Rxe1 31. Qxg6+ Qg7 32. Qxg7+ Bxg7 33. Nxe1 Re8
34. Nd3 hxg4 35. Rf4 1/2-1/2

[Event "H.C Andersen Open"]
[Site "Odense"]
[Date "2013.05.10"]
[Round "4"]
[White "Semcesen, Daniel"]
[Black "Carlstedt, Jonathan"]
[Result "0-1"]
[WhiteElo "2473"]
[BlackElo "2373"]
[PlyCount "84"]
[EventDate "2013.05.08"]
[EventType "swiss"]
[EventRounds "9"]
[EventCountry "DEN"]
[SourceTitle "CBM 154 Extra"]
[Source "ChessBase"]
[SourceDate "2013.06.25"]

1. d4 g6 2. c4 Bg7 3. Nf3 e6 4. Nc3 Ne7 5. Bf4 d6 6. Qd2 h6 7. h3 b6 8. e4 Bb7
9. Bd3 Nd7 10. Bc2 a6 11. a3 e5 12. Be3 f5 13. dxe5 Nxe5 14. Ba4+ Bc6 15. Nxe5
dxe5 16. Bxc6+ Nxc6 17. Qd5 Qf6 18. exf5 gxf5 19. O-O Rd8 20. Qf3 O-O 21. Rad1
e4 22. Qf4 Ne5 23. Rxd8 Rxd8 24. Nd5 Qf7 25. b3 Rd7 26. Qg3 Kh7 27. Bf4 Qe6 28.
Rd1 c6 29. Ne3 Nd3 30. h4 Bd4 31. Bb8 Qf6 32. Rf1 f4 33. Qg4 Rf7 34. Nc2 Rg7
35. Qh3 Be5 36. Bxe5 Nxe5 37. Nd4 f3 38. g3 Ng4 39. Nc2 Qc3 40. Ne3 Nxe3 41.
fxe3 Qxe3+ 42. Kh1 Qc5 0-1

[Event "H.C Andersen Open"]
[Site "Odense"]
[Date "2013.05.10"]
[Round "4"]
[White "Sorensen, Alex"]
[Black "Brondt, Nicolai Kvist"]
[Result "0-1"]
[WhiteElo "1933"]
[BlackElo "2169"]
[PlyCount "40"]
[EventDate "2013.05.08"]
[EventType "swiss"]
[EventRounds "9"]
[EventCountry "DEN"]
[SourceTitle "CBM 154 Extra"]
[Source "ChessBase"]
[SourceDate "2013.06.25"]

1. e4 c6 2. d4 d5 3. e5 Bf5 4. g4 Be4 5. f3 Bg6 6. h4 h5 7. Bd3 Bxd3 8. Qxd3 e6
9. g5 g6 10. Be3 Qa5+ 11. Nd2 Qa6 12. Qc3 Ne7 13. Ne2 Nf5 14. Bf2 Nd7 15. b4
Nb6 16. O-O Qxe2 17. a4 Nc4 18. Ne4 dxe4 19. fxe4 Nfe3 20. Bxe3 Qxe3+ 0-1

[Event "H.C Andersen Open"]
[Site "Odense"]
[Date "2013.05.10"]
[Round "5"]
[White "Bach, Matthias"]
[Black "Eriksson, Christian Altenburg"]
[Result "0-1"]
[WhiteElo "2252"]
[BlackElo "2156"]
[PlyCount "154"]
[EventDate "2013.05.08"]
[EventType "swiss"]
[EventRounds "9"]
[EventCountry "DEN"]
[SourceTitle "CBM 154 Extra"]
[Source "ChessBase"]
[SourceDate "2013.06.25"]

1. d4 d5 2. Bf4 Nf6 3. Nc3 c6 4. f3 Bf5 5. g4 Bg6 6. Bg2 e6 7. h4 h5 8. g5 Ng8
9. e4 Bd6 10. Nge2 Ne7 11. Qd2 Qc7 12. O-O-O Nd7 13. Kb1 Nb6 14. Bxd6 Qxd6 15.
Qf4 Qb4 16. a3 Qa5 17. Nc1 Nc4 18. Nb3 Qd8 19. Bf1 Nd6 20. Nc5 b6 21. Nd3 Nc4
22. Ne5 Nxe5 23. Qxe5 O-O 24. Ne2 c5 25. exd5 Nxd5 26. Ng3 Qb8 27. Bd3 cxd4 28.
Qxb8 Raxb8 29. Be4 Nf4 30. Rxd4 Rbd8 31. Rhd1 Rxd4 32. Rxd4 Ng2 33. Bd3 e5 34.
Ra4 Rd8 35. Nf5 Bxf5 36. Bxf5 g6 37. Be4 Nxh4 38. Rxa7 Ng2 39. f4 Nxf4 40. a4
Ne6 41. c4 Nxg5 42. Bd5 Kg7 43. a5 bxa5 44. Kc2 e4 45. Rxa5 h4 46. Ra1 Kf6 47.
b4 Rb8 48. Kc3 Ke5 49. Bc6 h3 50. c5 h2 51. Rh1 Nf3 52. b5 f5 53. b6 Nd4 54.
Ba4 Kd5 55. Kb4 e3 56. Rxh2 e2 57. Rh1 f4 58. Bd7 Ke4 59. Kc4 f3 60. Bg4 Ke3
61. Ra1 Nc2 62. Bxf3 Kxf3 63. Rc1 Ne3+ 64. Kc3 Nd5+ 65. Kd2 Nxb6 66. cxb6 Rxb6
67. Ke1 Rb3 68. Kd2 Re3 69. Ke1 g5 70. Rc8 g4 71. Rd8 Re4 72. Rd3+ Kf4 73. Rd2
g3 74. Rd8 g2 75. Rg8 Kf3 76. Rf8+ Rf4 77. Rg8 Rg4 0-1

[Event "H.C Andersen Open"]
[Site "Odense"]
[Date "2013.05.10"]
[Round "5"]
[White "Bae, Torstein"]
[Black "Jacobsen, Bo"]
[Result "1-0"]
[WhiteElo "2442"]
[BlackElo "2319"]
[PlyCount "73"]
[EventDate "2013.05.08"]
[EventType "swiss"]
[EventRounds "9"]
[EventCountry "DEN"]
[SourceTitle "CBM 154 Extra"]
[Source "ChessBase"]
[SourceDate "2013.06.25"]

1. e4 e5 2. Nf3 d6 3. d4 exd4 4. Nxd4 Nf6 5. Nc3 Be7 6. g3 Nc6 7. Bg2 Bg4 8.
Nde2 O-O 9. h3 Bd7 10. b3 Re8 11. Bb2 a5 12. O-O Ne5 13. a4 c6 14. Kh2 Qc7 15.
f4 Ng6 16. Qd3 Rad8 17. Qf3 h6 18. Rae1 b5 19. Nd4 b4 20. Nd1 Nh7 21. Ne3 Bf6
22. Nc4 c5 23. Nb5 Bxb5 24. axb5 Bxb2 25. Nxb2 Qb8 26. Qd3 h5 27. Kh1 Nf6 28.
Na4 h4 29. g4 Re7 30. c4 Rde8 31. Qb1 d5 32. e5 dxc4 33. bxc4 Nd7 34. Rd1 Nb6
35. Nxb6 Qxb6 36. Rd6 Qb8 37. Rxg6 1-0

[Event "H.C Andersen Open"]
[Site "Odense"]
[Date "2013.05.10"]
[Round "5"]
[White "Becker, Martin"]
[Black "Jensen, Jakob"]
[Result "1-0"]
[WhiteElo "1910"]
[BlackElo "1802"]
[PlyCount "53"]
[EventDate "2013.05.08"]
[EventType "swiss"]
[EventRounds "9"]
[EventCountry "DEN"]
[SourceTitle "CBM 154 Extra"]
[Source "ChessBase"]
[SourceDate "2013.06.25"]

1. e4 e6 2. d4 d5 3. Nc3 Nf6 4. exd5 exd5 5. Bf4 c6 6. Nge2 Bg4 7. f3 Bh5 8.
Qd2 h6 9. O-O-O Be7 10. g4 Bg6 11. h4 Qd7 12. Bh3 Ng8 13. h5 Bh7 14. Ng3 Qe6
15. g5 f5 16. g6 Bxg6 17. hxg6 Qxg6 18. Nxf5 Rh7 19. Rdg1 Qf7 20. Re1 Kd8 21.
Nxe7 Nxe7 22. Be6 Qg6 23. Rhg1 Qh5 24. Qe3 g5 25. Bg3 Nd7 26. Bxd7 Kxd7 27.
Qe6+ 1-0

[Event "H.C Andersen Open"]
[Site "Odense"]
[Date "2013.05.10"]
[Round "5"]
[White "Carlstedt, Jonathan"]
[Black "Rusev, Krasimir"]
[Result "0-1"]
[WhiteElo "2373"]
[BlackElo "2545"]
[PlyCount "62"]
[EventDate "2013.05.08"]
[EventType "swiss"]
[EventRounds "9"]
[EventCountry "DEN"]
[SourceTitle "CBM 154 Extra"]
[Source "ChessBase"]
[SourceDate "2013.06.25"]

1. c4 Nc6 2. Nc3 Nf6 3. g3 e6 4. Bg2 d5 5. d4 dxc4 6. Nf3 Rb8 7. Bg5 Be7 8. O-O
b5 9. e4 O-O 10. Re1 a6 11. Qd2 Nb4 12. Red1 Bb7 13. Ne5 Nd7 14. Bxe7 Qxe7 15.
Ng4 Rfd8 16. Ne2 c5 17. d5 exd5 18. exd5 Bxd5 19. Bxd5 Nxd5 20. Qxd5 Qxe2 21.
Qg5 Qe6 22. Rd2 f6 23. Nh6+ Kf8 24. Qh5 Ne5 25. Rxd8+ Rxd8 26. Nf5 Kg8 27. Qh3
Nf3+ 28. Kf1 Qe4 29. g4 Ng5 30. Qg2 Qd3+ 31. Kg1 Nh3+ 0-1

[Event "H.C Andersen Open"]
[Site "Odense"]
[Date "2013.05.10"]
[Round "5"]
[White "Epishin, Vladimir"]
[Black "Bromann, Thorbjorn"]
[Result "1-0"]
[WhiteElo "2603"]
[BlackElo "2368"]
[PlyCount "57"]
[EventDate "2013.05.08"]
[EventType "swiss"]
[EventRounds "9"]
[EventCountry "DEN"]
[SourceTitle "CBM 154 Extra"]
[Source "ChessBase"]
[SourceDate "2013.06.25"]

1. d4 g6 2. Nf3 Bg7 3. e4 d6 4. Bc4 Nf6 5. Qe2 O-O 6. O-O Nc6 7. d5 Nb8 8. Rd1
Bg4 9. Nbd2 c6 10. h3 cxd5 11. exd5 Bxf3 12. Nxf3 Nbd7 13. Be3 Nb6 14. Bb3 Nfd7
15. c3 Nc5 16. Bd4 Nxb3 17. axb3 a6 18. Bxg7 Kxg7 19. Rd4 Re8 20. Re1 Rc8 21.
Qe3 h5 22. Ng5 Kg8 23. Nxf7 Kxf7 24. Rf4+ Kg7 25. Qd4+ Kh6 26. Rf7 Nxd5 27. Re6
Nf6 28. Qf4+ g5 29. Qf5 1-0

[Event "H.C Andersen Open"]
[Site "Odense"]
[Date "2013.05.10"]
[Round "5"]
[White "Erikstad, Olav Age"]
[Black "Jacobsen, Steen Hefsgaard"]
[Result "1-0"]
[WhiteElo "1836"]
[BlackElo "2041"]
[PlyCount "49"]
[EventDate "2013.05.08"]
[EventType "swiss"]
[EventRounds "9"]
[EventCountry "DEN"]
[SourceTitle "CBM 154 Extra"]
[Source "ChessBase"]
[SourceDate "2013.06.25"]

1. d4 Nf6 2. c4 e5 3. dxe5 Ng4 4. e4 Nxe5 5. f4 Ng6 6. Nf3 Nc6 7. Be3 d6 8. Nc3
Be7 9. Nd5 O-O 10. Be2 f5 11. O-O fxe4 12. Nxe7+ Ncxe7 13. Ng5 Qe8 14. Nxe4 Nf5
15. Qd3 Nxe3 16. Qxe3 Bf5 17. Bd3 Qe7 18. Rae1 Rae8 19. Qd4 h6 20. Qxa7 Bxe4
21. Rxe4 Qf6 22. Qxb7 Rb8 23. Qd5+ Qf7 24. Re6 Nh8 25. Qe4 1-0

[Event "H.C Andersen Open"]
[Site "Odense"]
[Date "2013.05.10"]
[Round "5"]
[White "Hansen, Mads"]
[Black "Danielsen, Henrik"]
[Result "0-1"]
[WhiteElo "2306"]
[BlackElo "2500"]
[PlyCount "88"]
[EventDate "2013.05.08"]
[EventType "swiss"]
[EventRounds "9"]
[EventCountry "DEN"]
[SourceTitle "CBM 154 Extra"]
[Source "ChessBase"]
[SourceDate "2013.06.25"]

1. e4 d6 2. g3 c5 3. Bg2 Nc6 4. Ne2 g6 5. c4 Bg7 6. Nbc3 Bg4 7. O-O Bxe2 8.
Nxe2 e6 9. d3 Nge7 10. Rb1 a5 11. Be3 Qb6 12. Qd2 Qb4 13. Nc3 Nd4 14. a3 Qb6
15. b4 cxb4 16. axb4 a4 17. Nb5 O-O 18. f4 f5 19. Qf2 e5 20. Ra1 fxe4 21. Bxe4
d5 22. Bg2 dxc4 23. dxc4 Nef5 24. Nxd4 Nxe3 25. Qxe3 exd4 26. Qd2 a3 27. Rf3
d3+ 28. c5 Qb5 29. Ra2 Rfd8 30. Bf1 Qc4 31. Bxd3 Qd4+ 32. Kg2 Kh8 33. h4 Ra4
34. Qe3 Qxb4 35. Kh3 Qb3 36. Bc2 Qxa2 37. Bxa4 Qc4 38. Bb3 Qb5 39. f5 gxf5 40.
Qg5 Rf8 41. Qe7 Qb4 42. Kg2 b6 43. Be6 bxc5 44. Rxf5 Qe4+ 0-1

[Event "H.C Andersen Open"]
[Site "Odense"]
[Date "2013.05.10"]
[Round "5"]
[White "Heinemann, Guido"]
[Black "Olsen, Aage Dalstrup"]
[Result "0-1"]
[WhiteElo "1856"]
[BlackElo "2056"]
[PlyCount "62"]
[EventDate "2013.05.08"]
[EventType "swiss"]
[EventRounds "9"]
[EventCountry "DEN"]
[SourceTitle "CBM 154 Extra"]
[Source "ChessBase"]
[SourceDate "2013.06.25"]

1. e4 c5 2. d3 Nc6 3. Nc3 e6 4. Be3 Nf6 5. Be2 d5 6. Bg5 Be7 7. f4 Nd4 8. Nf3
Ng4 9. Qc1 Ne3 10. Nxd4 cxd4 11. Nd1 Bxg5 12. fxg5 Qxg5 13. Nxe3 dxe3 14. O-O
d4 15. c3 e5 16. cxd4 Bh3 17. Bf3 Rc8 18. Qd1 exd4 19. Qa4+ b5 20. Qxa7 O-O 21.
Kh1 Be6 22. Qxd4 Rfd8 23. Qb4 Rxd3 24. Be2 Rc2 25. Rfe1 Bg4 26. Rac1 Rxe2 27.
Rxe2 Bxe2 28. Rc8+ Rd8 29. Qc5 Qxc5 30. Rxd8+ Qf8 31. Rxf8+ Kxf8 0-1

[Event "H.C Andersen Open"]
[Site "Odense"]
[Date "2013.05.10"]
[Round "5"]
[White "Jannik, Morten Emil"]
[Black "Hamann, Brian"]
[Result "1/2-1/2"]
[WhiteElo "1610"]
[BlackElo "1877"]
[PlyCount "95"]
[EventDate "2013.05.08"]
[EventType "swiss"]
[EventRounds "9"]
[EventCountry "DEN"]
[SourceTitle "CBM 154 Extra"]
[Source "ChessBase"]
[SourceDate "2013.06.25"]

1. e4 d5 2. exd5 Nf6 3. c4 c6 4. d4 cxd5 5. Nc3 Nc6 6. cxd5 Nxd5 7. Nf3 g6 8.
Bc4 Be6 9. Qb3 Nxc3 10. bxc3 Bxc4 11. Qxc4 Bg7 12. O-O O-O 13. Bb2 Rc8 14. Qe2
Re8 15. Rfd1 Qc7 16. g3 Na5 17. Rac1 Nc4 18. Rc2 Nxb2 19. Rxb2 b6 20. Rc2 e6
21. Ne5 Bxe5 22. Qxe5 Qxe5 23. dxe5 Rc5 24. f4 Rec8 25. Rdc1 Rd5 26. c4 Rdc5
27. a4 Kf8 28. Kf2 Ke7 29. Ke3 Rd8 30. Rd2 Rxd2 31. Kxd2 Ra5 32. Ra1 f6 33.
exf6+ Kxf6 34. Ke3 Rh5 35. Ra2 e5 36. fxe5+ Rxe5+ 37. Kd4 Ra5 38. Ke4 Ke6 39.
Kd4 Kd6 40. g4 h5 41. gxh5 Rxh5 42. Rg2 Rh4+ 43. Kc3 Rh6 44. Re2 g5 45. Rg2 Rg6
46. h4 g4 47. h5 Rh6 48. Rxg4 1/2-1/2